Basic Electronics - Solid State (Record no. 8911)

MARC details
000 -LEADER
fixed length control field 00383nam a2200157Ia 4500
008 - FIXED-LENGTH DATA ELEMENTS--GENERAL INFORMATION
fixed length control field 221030s9999 xx 000 0 und d
020 ## - INTERNATIONAL STANDARD BOOK NUMBER
ISBN 812192555X
041 ## - LANGUAGE CODE
Language code of text/sound track or separate title
082 ## - DEWEY DECIMAL CLASSIFICATION NUMBER
Classification number 105.23
100 ## - MAIN ENTRY--AUTHOR NAME
Personal name B. L. Theraja
245 #0 - TITLE STATEMENT
Title Basic Electronics - Solid State
Statement of responsibility, etc by B. L. Theraja
260 ## - PUBLICATION, DISTRIBUTION, ETC. (IMPRINT)
Name of publisher S. Chand & Co.
Place of publication New Delhi
Year of publication 2009
300 ## - PHYSICAL DESCRIPTION
Number of Pages 715
650 ## - SUBJECT ADDED ENTRY--TOPICAL TERM
Topical Term ECE
942 ## - ADDED ENTRY ELEMENTS (KOHA)
Koha item type Books
Holdings
Accession Number Cost, normal purchase price Bill Date Full call number Source of acquisition Price effective from Koha item type Withdrawn / writtenoff status Materials specified (bound volume or other part) Damaged status Not for loan Permanent Location Current Location Shelving location Date acquired Lost/ Missing status department
BE 10459 400.00 95 105.23 Durga Books, Amritsar 10/30/2022 Books   Print   Not For Loan MIET Library, Jammu MIET Library, Jammu BL-Academic Block B, FL-1, CUP-76, SH-3, R-3 02/27/2010   BE
BE 10460 400.00 95 105.23 Durga Books, Amritsar 10/30/2022 Books   Print     MIET Library, Jammu MIET Library, Jammu BL-Academic Block A, FL-1, CUP-121, SH-4, R-4 02/27/2010   BE
BE 10461 400.00 95 105.23 Durga Books, Amritsar 10/30/2022 Books   Print     MIET Library, Jammu MIET Library, Jammu BL-Academic Block A, FL-1, CUP-121, SH-4, R-4 02/27/2010   BE
BE 10462 400.00 95 105.23 Durga Books, Amritsar 10/30/2022 Books   Print     MIET Library, Jammu MIET Library, Jammu BL-Academic Block A, FL-1, CUP-121, SH-4, R-4 02/27/2010   BE
BE 10463 400.00 95 105.23 Durga Books, Amritsar 10/30/2022 Books   Print     MIET Library, Jammu MIET Library, Jammu BL-Academic Block A, FL-1, CUP-121, SH-4, R-4 02/27/2010   BE